Vista normal
Vista MARC
Entrada Personal Name
Número de registros utilizados en: 1
001 - CONTROL NUMBER
- control field: 17233
003 - CONTROL NUMBER IDENTIFIER
- control field: NLA
005 - DATE AND TIME OF LATEST TRANSACTION
- control field: 20250620125137.0
008 - FIXED-LENGTH DATA ELEMENTS
- fixed length control field: 250620|| aca||aabn | a|a d
035 ## - SYSTEM CONTROL NUMBER
- System control number: (NLA)000059491553
035 ## - SYSTEM CONTROL NUMBER
- System control number: (AuPaJTL)202771
040 ## - CATALOGING SOURCE
- Original cataloging agency: VJTL
- Language of cataloging: spa
- Transcribing agency: Mx-PuUPA
- Modifying agency: Mx-PuUPA
- Description conventions: rda
046 ## - SPECIAL CODED DATES
- Birth date: 1884
- Death date: 1961
100 1# - HEADING--PERSONAL NAME
- Personal name: Barbet, Pierre,
- Dates associated with a name: 1884-1961
370 ## - ASSOCIATED PLACE
- Source of term: naf
- Associated country: Francia
374 ## - OCCUPATION
- Occupation: Autor
- Occupation: Médico
375 ## - GENDER
- Gender: hombre
377 ## - ASSOCIATED LANGUAGE
- Language code: fre
670 ## - SOURCE DATA FOUND
- Source citation: The Passion of our Lord Jesus Christ, 1954
- Information found: title page (Doctor Pierre Barbet)